000
00321nam a2200133Ia 4500
008
240624s9999 xx 000 0 und d
041
_a
eng
082
_a
823 CUS
100
_a
CUSSLER CLIVE
245
_a
PIRATE A FARGO ADVENTURE
260
_c
2017
_a
New Delhi
_b
Penguin
300
_a
viii, 400 p.; 21 cm.
365
_c
RS
999
_c
29456
_d
29456